|
|
|
|
| LEADER |
01394nam a2200289 a 4500 |
| 001 |
28949 |
| 003 |
BD-DhAAL |
| 008 |
150314s2014 enka b 001 0 eng d |
| 020 |
|
|
|a 1292025816
|
| 020 |
|
|
|a 9781292025810
|
| 040 |
|
|
|a DLC
|c DLC
|d DLC
|d BD-DhAAL
|
| 082 |
0 |
0 |
|a 621.48
|2 21
|
| 100 |
1 |
|
|a Lamarsh, John R.
|9 9524
|
| 245 |
1 |
0 |
|a Introduction to nuclear engineering /
|c John R. Lamarsh, Anthony J. Baratta.
|
| 250 |
|
|
|a 3rd ed [Pearson New International Edition]
|
| 260 |
|
|
|a England :
|b Pearson,
|c c2014.
|
| 300 |
|
|
|a ii, 740 p. :
|b ill. ;
|c 25 cm.
|
| 504 |
|
|
|a Includes bibliographical references and index.
|
| 541 |
1 |
|
|e 28949
|
| 650 |
|
0 |
|a Nuclear engineering.
|9 9525
|
| 700 |
1 |
|
|a Baratta, Anthony John,
|d 1945-
|9 9526
|
| 852 |
4 |
|
|a Ayesha Abed Library
|j General Shelf.
|
| 942 |
|
|
|2 ddc
|c BK
|
| 999 |
|
|
|c 34008
|d 34008
|
| 952 |
|
|
|0 0
|1 0
|2 ddc
|4 0
|6 621_480000000000000_LAM
|7 0
|9 53076
|a BRACUL
|b BRACUL
|c GEN
|d 2015-03-14
|e Karim International
|g 8500.00
|l 1
|m 30
|o 621.48 LAM
|p 3010028949
|r 2020-01-12
|s 2019-05-19
|t 1
|w 2015-03-14
|y BK
|
| 952 |
|
|
|0 0
|1 0
|2 ddc
|4 0
|6 621_480000000000000_LAM
|7 0
|9 53077
|a BRACUL
|b BRACUL
|c GEN
|d 2015-03-14
|e Karim International
|g 8500.00
|l 1
|m 21
|o 621.48 LAM
|p 3010028950
|r 2019-10-15
|s 2019-05-16
|t 2
|w 2015-03-14
|y BK
|
| 952 |
|
|
|0 0
|1 0
|2 ddc
|4 0
|6 621_480000000000000_LAM
|7 0
|9 53078
|a BRACUL
|b BRACUL
|c GEN
|d 2015-03-14
|e Karim International
|g 8500.00
|l 0
|o 621.48 LAM
|p 3010028951
|r 2015-03-14
|t 3
|w 2015-03-14
|y BK
|